[Event "JPN-ch"]
[Site "Tokyo"]
[Date "2018.04.30"]
[Round "3"]
[White "Yamada, Kohei"]
[Black "Suzuki, Masateru"]
[Result "0-1"]
[WhiteElo "2164"]
[BlackElo "1986"]
[PlyCount "56"]
[EventDate "2018.04.29"]
[EventType "swiss"]
[EventRounds "11"]
[EventCountry "JPN"]
[SourceTitle "CBM 184 Extra"]
[Source "ChessBase"]
[SourceDate "2018.06.28"]
[SourceVersion "1"]
[SourceVersionDate "2018.06.28"]
[SourceQuality "1"]

1. e4 e6 2. d4 d5 3. Nc3 Nf6 4. Bg5 Be7 5. e5 Nfd7 6. h4 a6 7. Qg4 f5 8. Qg3 c5 9. dxc5 Nc6 10. Nf3 Nxc5 11. 0-0-0 b5 12. Bd3 0-0 13. Ne2 Nb4 14. Kb1 Ra7 15. Nfd4 Qb6 16. Be3 Rc7 17. Nf4 Qa5 18. a3 Nbxd3 19. cxd3 b4 20. Bd2 Qb6 21. axb4 Na4 22. Nc2 a5 23. Qe3 Qb7 24. Rc1 axb4 25. Na1 Nc3+ 26. Bxc3 bxc3 27. b3 Ba3 28. Rc2 Bb2 0-1